[Event "HUN-chT 2018-19"]
[Site "Szombathely"]
[Date "2018.11.17"]
[Round "1"]
[White "Naiditsch, Arkadij"]
[Black "Kryvoruchko, Yuriy"]
[Result "1/2-1/2"]
[WhiteElo "2736"]
[BlackElo "2698"]
[Annotator "TA"]
[PlyCount "106"]
[EventDate "2018.11.16"]
[EventType "team-tourn"]
[EventCountry "HUN"]
[SourceTitle "playchess.com"]
[Source "ChessBase"]
[SourceQuality "1"]

{[%evp 12,106,0,-7,0,2,28,0,4,-5,-12,-21,0,-5,-8,-14,-16,-10,-19,-20,0,0,39,-77,-69,-49,-63,-106,-124,-120,-118,-116,-114,-112,-114,-106,-51,-54,-53,-54,-54,-68,-69,-66,-77,-106,-106,-109,-66,-64,-74,-75,-41,-65,0,-77,-70,-98,-85,-135,-138,-276,-117,-107,-95,-94,-93,-185,-16,-23,-16,-16,-16,-20,-24,-66,-6,-6,-6,-6,-6,-44,-8,-19,-6,-6,-6,-6,-6,-6,0,-6,0,-6,-8,-29,0]} 1. e4 e5 2. Nf3 Nc6 3. Bb5 Nf6 4. O-O Nxe4 5. d4 Nd6 6. dxe5 Nxb5 7. a4 {[#]} Nbd4 $1 {[%mdl 512] C67: Ruy Lopez: Berlin Defence: 4 0-0 Nxe4} 8. Nxd4 d5 9. Nxc6 (9. exd6 $5 Bxd6 10. Re1+ Be7 11. Nxc6 Qxd1 12. Rxd1 bxc6 13. Bf4 $11) 9... bxc6 {The position is equal.} 10. Nd2 Rb8 11. Qf3 $146 ({Predecessor:} 11. b3 Bf5 12. Re1 Bb4 13. Ba3 Bxa3 14. Rxa3 O-O 15. Nf1 {0-1 (86) Naiditsch,A (2721)-Kryvoruchko,Y (2695) Batumi 2018}) 11... c5 12. Rd1 Be6 13. Nf1 (13. Ne4 $5) 13... Qd7 {Black wants to play ...Bg4.} 14. h3 Be7 15. Qg3 g6 16. Bh6 Rxb2 17. Rab1 (17. Bg7 $14 {keeps the upper hand.} Rg8 18. Bf6) 17... Rxb1 $17 (17... Rxc2 $2 18. Rb8+ Bd8 19. Bg7 $18) 18. Rxb1 Qxa4 19. Rb8+ Bd8 20. c4 (20. Qg5 $2 Kd7 $19) 20... Kd7 $1 {Hoping for ...Bh4!} ({Stronger than} 20... Qxc4 21. Qa3 $11) ({And not} 20... dxc4 21. Qg5 $14) 21. cxd5 Bxd5 22. Qc3 Qd4 23. Qa5 {aiming for Bg7.} Bf6 (23... Qxe5 $17 {Strongly threatening ...Bc6.} 24. Ne3 Bc6 25. Qd2+ Qd6) 24. Rb5 $1 $15 {[%cal Rb5c5]} Bxe5 25. Rxc5 c6 $1 26. Qxa7+ Ke6 27. Be3 $1 {[%cal Re3d4]} ({Don't blunder} 27. Bg5 $2 Bd6 $19) 27... Qa1 28. Ra5 Qb2 $1 $40 {[%mdl 128] Black has strong attack.} 29. Bc5 Re8 30. Ra3 $1 Qb8 31. Qa4 Qb5 32. Qa7 {Black must now prevent Re3.} Qb8 33. Qa4 $1 Kf6 $1 34. Re3 {f4! is the strong threat.} Kg7 35. Ba7 Qa8 $1 36. g4 {[#]} (36. Rd3 $17) 36... Re7 (36... c5 $1 $19 {[%mdl 512] and Black stays clearly on top.} 37. Qb5 (37. Bxc5 Qxa4) 37... Bh1) 37. Ra3 $17 f6 38. Ne3 Bd6 39. g5 {[#]} (39. Bd4 $17 Qxa4 40. Rxa4) 39... Bxa3 $2 (39... Kf7 $1 $19 40. Bd4 Qxa4 41. Rxa4 fxg5 42. Nxd5 cxd5) 40. gxf6+ $11 Kg8 41. fxe7 Bxe7 {Threatens to win with ...Bc5!} 42. Nxd5 cxd5 43. Qd7 Bf6 (43... Kf8 $15) 44. Qe6+ Kg7 45. Qd7+ $1 Kh8 46. Qf7 Bg7 (46... Qd8 {feels hotter.} 47. Bb6 Qd6 48. Kf1 Bb2 49. Bc7 Qa6+) 47. Qd7 h5 48. f3 Qg8 49. Kg2 Bf6 50. Bf2 Bg7 51. Ba7 Qa8 52. Kg1 Ba1 53. Kg2 Bg7 {Accuracy: White = 53%, Black = 49%.} 1/2-1/2

[Event "HUN-chT 2018-19"]
[Site "Szombathely"]
[Date "2018.11.17"]
[Round "1"]
[White "Almasi, Zoltan"]
[Black "Rodshtein, Maxim"]
[Result "1-0"]
[WhiteElo "2682"]
[BlackElo "2682"]
[Annotator "TA"]
[PlyCount "45"]
[EventDate "2018.11.16"]
[EventType "team-tourn"]
[EventCountry "HUN"]
[SourceTitle "playchess.com"]
[Source "ChessBase"]
[SourceQuality "1"]

{[%evp 9,45,-11,-3,-5,-17,-14,7,-23,-18,-29,-11,-21,-30,-37,-18,-45,-37,-44,-28,-60,-14,-20,75,85,101,83,110,99,187,197,425,414,414,422,395,364,481,485]} 1. Nf3 d5 2. g3 g6 3. c4 dxc4 4. Na3 Bg7 5. Nxc4 Nc6 6. d3 {A09: Réti Opening: 1 Nf3 d5 2 c4} e5 7. Bd2 Nge7 8. Bg2 {The position is equal.} (8. b4 Be6 9. Rc1 Nd4 10. Bg2 Bd5 11. e4 Nxf3+ 12. Qxf3 {0-1 (47) Oparin,G (2602)-Mamedyarov,S (2799) Moscow 2017}) 8... a5 9. h4 h6 10. Qc1 $146 ({Predecessor:} 10. Bc3 f6 11. b3 O-O {0-1 (53) Markos,J (2559)-Hammer,J (2632) Heraklio 2017}) 10... Be6 11. O-O Qd7 12. Re1 f6 13. Be3 Nd5 14. Nfd2 {[%cal Bf3d2,Bd2b3,Bb3d4][%mdl 32]} Nce7 15. Bc5 b6 (15... g5 $11 {keeps the balance.}) 16. Bxe7 $1 $16 Kxe7 {[#]} 17. d4 $1 exd4 18. Nb3 Nb4 (18... Rhe8 $16) 19. Rd1 $18 Qb5 $2 (19... f5 {keeps fighting.}) 20. Na3 Qe5 21. Nxd4 Rad8 22. Nab5 Bd7 23. f4 {Accuracy: White = 66%, Black = 31%.} 1-0

[Event "HUN-chT 2018-19"]
[Site "Szombathely"]
[Date "2018.11.17"]
[Round "1"]
[White "Berkes, Ferenc"]
[Black "Kovacevic, Aleksandar"]
[Result "1-0"]
[WhiteElo "2661"]
[BlackElo "2500"]
[Annotator "TA"]
[PlyCount "103"]
[EventDate "2018.11.16"]
[EventType "team-tourn"]
[EventCountry "HUN"]
[SourceTitle "playchess.com"]
[Source "ChessBase"]
[SourceQuality "1"]

{[%evp 14,103,23,15,22,27,28,45,34,36,30,17,33,25,33,26,43,27,41,12,21,12,11,8,13,11,22,23,22,22,25,21,18,18,22,22,27,27,27,22,38,38,38,20,20,21,17,18,18,16,16,8,8,0,0,0,0,0,0,0,0,0,0,0,0,0,72,72,72,72,72,72,72,72,72,72,77,72,77,77,77,77,77,77,29984,29985,29985,29983,29985,29986,29997,29998]} 1. d4 Nf6 2. Nf3 e6 3. g3 c5 4. Bg2 cxd4 5. O-O Nc6 6. Nxd4 Qb6 7. Nb3 d5 8. Nc3 Be7 {A46: 1 d4 Nf6 2 Nf3 e6: Torre, London and Colle Systems} 9. e4 Nxe4 10. Nxe4 dxe4 {White is slightly better.} 11. Bxe4 O-O 12. Qe2 $146 ({Predecessor:} 12. Be3 Qc7 13. f4 b6 14. Qh5 g6 15. Qf3 Bb7 16. Qg2 {½-½ (35) Stangl,M (2535)-Landenbergue,C (2450) Garmisch Partenkirchen 1994}) 12... Rd8 13. Be3 Qc7 14. Rad1 Bd7 15. c3 Be8 16. Nd4 Nxd4 17. Bxd4 Bc6 18. Qc4 Rd7 19. Bxc6 Qxc6 20. Qxc6 bxc6 21. Be3 Rad8 22. Rxd7 Rxd7 $11 {[%mdl 4096] Endgame KRB-KRB} 23. f4 Kf8 24. Kf2 Ke8 25. Ke2 a6 26. b4 f5 27. Rb1 Kd8 28. a4 Bf6 29. c4 Kc8 30. Rb3 h5 31. b5 cxb5 32. cxb5 axb5 33. axb5 h4 34. gxh4 Bxh4 35. Rc3+ Kb7 36. Rc6 Rd5 37. Rxe6 {Threatens to win with Re5.} Rxb5 38. Bd4 Rb4 39. Kd3 g5 (39... Kc7 $11) 40. Rh6 $16 {[#] aiming for Rh5.} Rb3+ 41. Kc4 Rf3 42. Be5 {Black must now prevent Rh5.} Rf2 43. Rh5 Rxh2 44. fxg5 Re2 45. Kd5 Bxg5 46. Rxg5 {KRB-KR} Re1 47. Rg7+ Ka6 48. Bd4 Re8 $2 {[%mdl 8192] [#]} (48... Kb5 $16) 49. Kc4 $1 {[%csl Gd4][%cal Rg7a7] White mates.} Ra8 50. Bc5 f4 51. Kb4 f3 52. Ka4 {Accuracy: White = 80%, Black = 66%.} 1-0

[Event "HUN-chT 2018-19"]
[Site "Szombathely"]
[Date "2018.11.17"]
[Round "1"]
[White "Lenic, Luka"]
[Black "Kravtsiv, Martyn"]
[Result "1/2-1/2"]
[WhiteElo "2657"]
[BlackElo "2641"]
[Annotator "TA"]
[PlyCount "40"]
[EventDate "2018.11.16"]
[EventType "team-tourn"]
[EventCountry "HUN"]
[SourceTitle "playchess.com"]
[Source "ChessBase"]
[SourceQuality "1"]

{[%evp 29,36,15,29,15,16,16,8,12,17]} 1. d4 Nf6 2. c4 e6 3. Nf3 d5 4. Nc3 Nbd7 5. Bg5 h6 6. Bh4 Be7 7. Qc2 c5 8. cxd5 Nxd5 9. Bxe7 Qxe7 10. Nxd5 exd5 11. dxc5 Nxc5 12. e3 O-O 13. Be2 {D61: Queen's Gambit Declined: Classical: 7 Qc2} Bg4 14. O-O Rac8 (14... Ne6 15. Rfd1 Rac8 16. Qd2 Rfd8 17. Nd4 Bxe2 18. Qxe2 Rc4 19. Nxe6 fxe6 20. Rac1 Rdc8 21. Rxc4 Rxc4 {½-½ (41) Vitiugov,N (2734)-Hou,Y (2658) Belokurikha 2018}) 15. Rac1 Qf6 {LiveBook: 3 Games} 16. Qd2 Ne4 {The position is equal.} 17. Qd4 Bxf3 18. Qxf6 Nxf6 {[#]} {Predecessor:} 19. Bxf3 $146 Rc6 20. Rfd1 Rfc8 {½-½ (68) Seirawan,Y (2555)-Ivanov,I (2430) Lone Pine,CA 1981} 1/2-1/2

[Event "HUN-chT 2018-19"]
[Site "Szombathely"]
[Date "2018.11.17"]
[Round "1"]
[White "Areshchenko, Alexander"]
[Black "Balogh, Csaba"]
[Result "1-0"]
[WhiteElo "2652"]
[BlackElo "2629"]
[Annotator "TA"]
[PlyCount "53"]
[EventDate "2018.11.16"]
[EventType "team-tourn"]
[EventCountry "HUN"]
[SourceTitle "playchess.com"]
[Source "ChessBase"]
[SourceQuality "1"]

{[%evp 10,53,17,23,26,18,42,28,27,26,33,35,45,34,32,45,47,43,58,43,67,67,104,75,241,128,129,118,83,87,189,181,363,369,325,337,378,381,676,658,29971,29973,5506,5502,1867,-463]} 1. e4 e5 2. Nf3 Nc6 3. Bc4 Bc5 4. O-O Nf6 5. d3 d6 6. c3 a5 {C54: Giuoco Piano: 4 c3 Nf6, main lines with 5 d4 and 5 d3} (6... a6 7. a4 Ba7 8. Re1 O-O 9. h3 h6 10. Nbd2 Re8 11. Nf1 Be6 12. Bxe6 Rxe6 13. Be3 Bxe3 14. Nxe3 d5 {½-½ (32) Anand,V (2768)-Grischuk,A (2766) Saint Louis 2018}) 7. Re1 O-O 8. Bg5 h6 {White has an edge.} 9. Bh4 g5 10. Bg3 g4 11. Bh4 gxf3 12. Qxf3 Kg7 13. Nd2 Rh8 $146 ({Predecessor:} 13... Be6 14. Nf1 h5 15. h3 {½-½ (50) Grego,L (2303)-Dos Santos,M (2436) ICCF email 2016}) 14. Bd5 Nb8 15. d4 $36 {[%mdl 2048] Black is under pressure.} exd4 {[#]} 16. Nb3 $1 {Strongly threatening e5.} c6 $2 (16... Bb6 $16) 17. e5 ({Better is} 17. Bc4 $18 Nbd7 18. e5 {[%mdl 64] Deflection} (18. cxd4 Bxd4 19. Nxd4 Ne5 $16) 18... Nxe5 {[#]} 19. Rxe5 $1 {[%mdl 512]} dxe5 20. Nxc5) 17... dxe5 $16 {And now ...Be7 would win.} 18. Nxc5 cxd5 19. Qg3+ Bg4 (19... Kh7 $16) 20. Rxe5 ({Stronger than} 20. Nxb7 Qc7 $11) 20... Qc8 $2 (20... Kh7 {is a better defense.}) 21. Bxf6+ $18 ({But not} 21. cxd4 Nbd7 $18) 21... Kxf6 22. Rxd5 ({Weaker is} 22. cxd4 Rd8 $16) 22... Nc6 23. Re1 Re8 $2 (23... Rd8) 24. Rd6+ Kg5 {[%cal Re8e1]} 25. Ne4+ Rxe4 26. Rxe4 {Threatening mate with Qf4+.} Qf5 27. h4+ {[%mdl 32768] Accuracy: White = 76%, Black = 30%. . Loss on time!?} 1-0

[Event "HUN-chT 2018-19"]
[Site "Szombathely"]
[Date "2018.11.17"]
[Round "1"]
[White "Gledura, Benjamin"]
[Black "Khenkin, Igor"]
[Result "1/2-1/2"]
[WhiteElo "2622"]
[BlackElo "2546"]
[Annotator "TA"]
[PlyCount "35"]
[EventDate "2018.11.16"]
[EventType "team-tourn"]
[EventCountry "HUN"]
[SourceTitle "playchess.com"]
[Source "ChessBase"]
[SourceQuality "1"]

{[%evp 16,35,0,15,38,0,0,0,0,0,1,0,1,-20,18,0,0,-3,0,0,0,-9]} 1. e4 c6 2. d4 d5 3. e5 c5 4. dxc5 e6 5. a3 Bxc5 6. Nf3 {B12: Caro-Kann: Advance Variation} Ne7 (6... Nd7 7. Bd3 f6 8. b4 Be7 9. Bb2 fxe5 10. Nxe5 Nxe5 11. Bxe5 Bf6 12. O-O Nh6 13. Bxf6 Qxf6 {1-0 (70) Jakovenko,D (2735)-Fedoseev,V (2706) Poikovsky 2018}) 7. b4 Bb6 8. Bd3 Ng6 9. O-O {LiveBook: 7 Games} a5 10. Bb2 (10. Nc3 {seems wilder.} Bd7 11. b5 a4 12. Be3 Bc8 13. Bxb6 Qxb6 14. Qd2) 10... axb4 {The position is equal.} 11. axb4 Rxa1 12. Bxa1 O-O 13. Re1 $146 Na6 14. Qd2 Bd7 15. Na3 Qe7 16. c3 Nh4 17. Nxh4 Qxh4 18. Nb5 1/2-1/2

[Event "HUN-chT 2018-19"]
[Site "Szombathely"]
[Date "2018.11.17"]
[Round "1"]
[White "Markus, Robert"]
[Black "Antal, Gergely"]
[Result "0-1"]
[WhiteElo "2610"]
[BlackElo "2546"]
[Annotator "TA"]
[PlyCount "76"]
[EventDate "2018.11.16"]
[EventType "team-tourn"]
[EventCountry "HUN"]
[SourceTitle "playchess.com"]
[Source "ChessBase"]
[SourceQuality "1"]

{[%evp 12,76,32,20,45,26,49,39,36,38,45,21,55,12,17,6,12,0,2,-41,-27,-24,-27,-64,-64,-64,-64,-64,-64,-70,-71,-65,-60,-72,-58,-83,-83,-89,-90,-76,-89,-100,-84,-98,-76,-83,-83,-96,-90,-151,-106,-131,-127,-322,-118,-118,-122,-122,-120,-285,-292,-387,-387,-387,-386,-503,-483]} 1. d4 d5 2. c4 dxc4 3. Nf3 a6 4. e3 Bg4 5. Bxc4 e6 6. O-O Nf6 7. a3 {LiveBook: 3 Games. D22: Queen's Gambit Accepted: 3 Nf3 a6 4 e3} (7. b3 c5 8. dxc5 Qxd1 9. Rxd1 Bxc5 10. Bb2 Nc6 11. Nbd2 h6 12. Rac1 Be7 13. Be2 O-O 14. h3 Bh5 15. g4 {½-½ (36) Eljanov,P (2678)-Korobov,A (2702) Moscow 2013}) 7... Bd6 8. Nbd2 O-O 9. b4 {White is slightly better.} Nbd7 10. Bb2 Qe7 11. Qc2 e5 12. dxe5 Nxe5 13. Be2 c6 $146 ({Predecessor:} 13... Rfe8 14. Rfe1 c6 15. Nxe5 Bxe5 16. Bxe5 Qxe5 17. Bxg4 Nxg4 {0-1 (46) Harzer,P-Bertholdt,D Schkopau 1954}) 14. Rad1 a5 15. bxa5 Rxa5 16. a4 Rfa8 17. Bxe5 Bxe5 18. Nc4 Bxf3 $1 19. Bxf3 Rxa4 20. Nxe5 Qxe5 21. Rb1 R4a7 22. Rfd1 g6 23. g3 Ra2 24. Qd3 Rb2 $40 {[%mdl 128] Black wants a kill.} 25. Rxb2 Qxb2 26. Rd2 Qe5 27. Kg2 Ra5 28. Qb3 Rb5 29. Qa3 Kg7 30. Rd4 (30. h3 $142) 30... Qc5 31. Qa2 Qc3 {Hoping for ...Rb2.} 32. Rf4 $2 {[#]} (32. Qd2 $17 {was necessary.} Qxd2 33. Rxd2) 32... g5 $2 (32... Rb2 $1 $19 {[%cal Rb2a2] has better winning chances.} 33. Qc4 Qxe3) 33. Rc4 $17 Rb2 {aiming for ...Qd2.} 34. Rxc3 Rxa2 35. Rb3 $2 (35. g4 $17) 35... g4 $19 36. Bd1 Rd2 37. Rb1 h5 38. h3 Ne4 {Precision: White = 36%, Black = 72%.} 0-1

[Event "HUN-chT 2018-19"]
[Site "Szombathely"]
[Date "2018.11.17"]
[Round "1"]
[White "Lupulescu, Constantin"]
[Black "Mihok, Oliver"]
[Result "1-0"]
[WhiteElo "2601"]
[BlackElo "2546"]
[Annotator "TA"]
[PlyCount "141"]
[EventDate "2018.11.16"]
[EventType "team-tourn"]
[EventCountry "HUN"]
[SourceTitle "playchess.com"]
[Source "ChessBase"]
[SourceQuality "1"]

{[%evp 18,141,10,13,29,20,30,17,30,14,16,13,18,18,16,11,18,18,12,16,17,18,33,31,33,20,16,10,45,36,55,34,53,39,51,33,38,23,42,13,74,69,71,48,48,48,56,50,81,46,56,46,60,60,60,60,60,60,60,60,60,47,57,0,57,53,54,57,77,76,145,63,60,60,60,55,54,54,63,64,71,58,66,68,75,51,59,66,43,45,204,193,191,180,310,302,387,365,381,375,386,388,370,355,414,409,484,475,485,466,469,461,472,493,493,459,651,639,610,509,684,640,590,561,864,828]} 1. e4 c5 2. Nf3 {[%cal Bg1f3,Bf3d4,Bd4b5][%mdl 32]} e6 3. d4 cxd4 4. Nxd4 Nc6 5. Nc3 Qc7 6. Qd3 {B47: Sicilian: Taimanov: 5 Nc3 Qc7 6 f4, 6 g3 and 6 Be2} (6. g3 a6 7. Bg2 Nf6 8. O-O Be7 9. Re1 O-O 10. Nxc6 dxc6 11. e5 Rd8 12. Qf3 Nd5 13. h4 Nxc3 14. Qxc3 Bd7 15. Be3 c5 16. Rad1 Rac8 17. h5 Bc6 18. Rxd8+ Qxd8 19. Qc4 b5 20. Qf1 Bxg2 21. Qxg2 Qd5 22. Qxd5 exd5 {½-½ (44) Saric,I (2690)-Adhiban,B (2671) Linares 2018}) 6... Nf6 7. Ndb5 Qb8 8. Qg3 d6 9. Be3 a6 10. Nd4 {LiveBook: 31 Games} Nxd4 11. Bxd4 e5 12. Be3 Be6 13. Bg5 $146 ({Predecessor:} 13. Be2 h6 {1-0 (35) Nyysti,S (2314)-Eriksson,C (2159) Pardubice 2018}) 13... Be7 14. O-O-O O-O 15. Bxf6 Bxf6 16. Nd5 Bxd5 17. Rxd5 Rc8 18. Be2 Rc6 19. Rhd1 Qc7 20. c3 b5 21. Kb1 Rb8 22. Qd3 {[%cal Rd5d6]} Rbb6 (22... Be7 {is more complex.} 23. f4 exf4 24. e5 Rbb6 25. Qe4 Qc8) 23. g3 h6 24. h4 Qb8 25. h5 Qc7 26. Qd2 Qe7 27. Qe3 Bg5 28. Qf3 Qf6 (28... b4 $11 29. c4 Rc5) 29. Qxf6 $16 Bxf6 30. Bg4 Kf8 31. a3 Ke7 32. Re1 a5 33. Bd1 Rc5 34. Bb3 Rbc6 35. Rd3 Rb6 36. Rf3 Ra6 37. Rd1 Ra7 38. Rfd3 Ra6 39. Rd5 Rac6 40. R5d3 (40. R5d2 $14) 40... Rb6 ({Better is} 40... Ra6 $1 $11) 41. Rf3 Ra6 42. Bd5 Rc7 43. b4 Ke8 {[#]} (43... Rb6 $142) 44. Bb3 (44. a4 $1 $16 {[%mdl 512]}) 44... Bg5 45. Rd5 axb4 46. axb4 Rb7 47. Kb2 Bf6 48. Rd1 Ke7 49. Rfd3 Bg5 50. Rd5 g6 51. Rh1 {Hoping for f4!} Kf6 52. f4 exf4 53. Rf1 f3 $2 (53... Kg7 $14) 54. Rxf3+ $18 Kg7 {[#]} 55. Rxb5 $3 {[%mdl 512]} Rc7 (55... Rxb5 $142 56. Rxf7+ Kh8) 56. hxg6 Kxg6 57. Rb8 Raa7 58. Bd5 Rd7 59. b5 {[%cal Bb4b5,Bb5b6][%mdl 32]} Rd8 60. Rb6 Bf6 61. Ra6 Rc7 62. b6 {White is clearly winning.} Rb8 63. Kc2 Re7 64. c4 Bd4 65. b7 Bc5 66. Rb3 f6 (66... Ree8 $142 67. Rc6 f6) 67. Ra8 Ree8 68. Rb5 h5 69. Rba5 Bb6 70. R5a6 {Strongly threatening Rxb8.} Bc7 71. Rc6 {Accuracy: White = 68%, Black = 38%.} 1-0

[Event "HUN-chT 2018-19"]
[Site "Szombathely"]
[Date "2018.11.17"]
[Round "1"]
[White "Acs, Peter"]
[Black "Csonka, Balazs"]
[Result "1-0"]
[WhiteElo "2594"]
[BlackElo "2456"]
[Annotator "TA"]
[PlyCount "67"]
[EventDate "2018.11.16"]
[EventType "team-tourn"]
[EventCountry "HUN"]
[SourceTitle "playchess.com"]
[Source "ChessBase"]
[SourceQuality "1"]

{[%evp 13,67,-3,-3,0,0,-22,-23,-14,0,0,0,-27,-9,-29,-27,-20,-19,-37,-38,-54,-22,-22,-13,-20,0,-6,17,-6,0,-34,-14,-19,-14,-20,-22,-12,-19,-50,123,131,127,134,189,194,219,202,328,352,344,319,311,299,618,596,29977,29978]} 1. e4 e5 2. Nf3 Nc6 3. Nc3 Nf6 4. Bb5 Nd4 5. Bc4 Bc5 6. d3 d6 7. h3 {C48: Four Knights: 4 Bb5, replies other than 4...Bb4} (7. Na4 b5 8. Nxd4 bxc4 9. Nf5 Bxf5 10. exf5 cxd3 11. Nxc5 dxc5 12. cxd3 Qd7 13. Qf3 O-O 14. Bg5 Rab8 {½-½ (30) Kovalev,V (2664)-Ragger,M (2686) Batumi 2018}) 7... O-O {LiveBook: 3 Games} 8. Nxd4 $146 ({Predecessor:} 8. O-O Be6 9. Bxe6 Nxe6 10. Na4 Bb6 11. Ng5 Qe8 12. Nxe6 Qxe6 13. a3 h6 14. Nxb6 axb6 15. f4 d5 16. exd5 Qxd5 17. fxe5 Qxe5 18. Qe1 Qd4+ 19. Qf2 {½-½ (19) Stoyanov,Z (2497)-Michalek,M (2482) ICCF email 2016}) 8... Bxd4 9. Qf3 {The position is equal.} Be6 10. Ne2 Bxc4 11. dxc4 Qe8 12. Ng3 Qe6 13. c3 Bb6 14. b3 Kh8 15. O-O a5 16. a4 Ng8 17. Qd3 Ne7 18. Kh1 f5 19. f4 Qg6 (19... Rae8 {feels hotter.} 20. fxe5 fxe4 21. Rxf8+ Rxf8 22. Nxe4 Qxe5 23. Bd2 Qf5) 20. Rf3 (20. fxe5 {looks sharper.} fxe4 21. Rxf8+ Rxf8 22. Nxe4 Nf5 23. Bf4) 20... fxe4 21. Qxe4 (21. Nxe4 {seems wilder.} exf4 22. Bxf4 Nf5 23. Bd2 Rae8 24. Re1) 21... exf4 22. Bxf4 Qxe4 23. Nxe4 Ng6 24. Bg3 Rfe8 25. c5 d5 $2 {[#]} (25... Ba7 $15 {keeps the upper hand.} 26. Re1 d5) 26. Nf6 $36 {[%mdl 2048] White is in control.} ({Much less strong is} 26. cxb6 dxe4 27. Re3 cxb6 $14) 26... gxf6 27. cxb6 cxb6 (27... c6 $16) 28. Rxf6 $18 Re2 29. Raf1 Rc2 (29... Rc8 {keeps fighting.} 30. Rxb6 Rxc3) 30. Rxb6 Kg8 31. Rxb7 Rxc3 32. Kh2 Re8 $2 (32... Rf8) 33. Rff7 {[#] And now Rg7+ would win.} Rxb3 34. Rg7+ {Accuracy: White = 50%, Black = 42%.} ({Less strong is} 34. Rxb3 Kxf7 35. Rf3+ Ke7 $14) 1-0

[Event "HUN-chT 2018-19"]
[Site "Szombathely"]
[Date "2018.11.17"]
[Round "1"]
[White "Kovchan, Alexander"]
[Black "Grigoriants, Sergey"]
[Result "1/2-1/2"]
[WhiteElo "2579"]
[BlackElo "2543"]
[Annotator "TA"]
[PlyCount "139"]
[EventDate "2018.11.16"]
[EventType "team-tourn"]
[EventCountry "HUN"]
[SourceTitle "playchess.com"]
[Source "ChessBase"]
[SourceQuality "1"]

{[%evp 13,139,-1,13,-2,13,7,11,-9,0,0,16,11,14,-6,15,19,17,11,14,13,13,6,13,20,32,26,30,12,19,13,11,0,35,25,17,7,23,0,0,0,0,0,29,39,23,20,146,59,59,59,59,59,59,70,62,59,68,88,88,88,91,86,86,86,94,89,95,78,123,123,123,95,116,112,95,52,56,22,85,87,81,81,77,91,122,116,121,0,1,0,26,0,0,0,0,0,0,0,0,0,18,18,22,12,368,352,2739,2522,4929,328,284,0,0,0,0,0,0,0,0,0,0,0,0,0,0,0,0,0]} 1. Nf3 d5 2. g3 c6 3. Bg2 Bg4 4. b3 Nf6 5. Bb2 Nbd7 6. d3 e6 7. Nbd2 Bd6 8. h3 {A07: Réti Opening: New York and Capablanca Systems} Bxf3 (8... Bh5 9. g4 Bg6 10. Nh4 Qe7 11. a3 a5 12. e3 Be5 13. d4 Bd6 14. f4 c5 15. O-O Rc8 16. Nxg6 hxg6 {0-1 (49) Granda Zuniga,J (2663)-Ducarmon,Q (2479) Barcelona 2014}) 9. Nxf3 Ba3 10. Bc3 Qe7 11. O-O Bb4 $146 12. Bb2 Ba3 13. Bc3 Bb4 14. Bxb4 Qxb4 15. c4 O-O 16. Qc2 a5 17. Rfc1 Qe7 18. Rab1 Ne8 19. e3 Nd6 20. Nd4 {[%cal Bf3d4,Bd4e2,Be2c3][%mdl 32]} Rfc8 21. Ne2 h5 22. h4 Nf6 23. Qb2 g6 24. Rc2 Rd8 25. Nc3 Nf5 26. Na4 Ng4 27. Bf3 Ngxe3 28. fxe3 Qd6 29. Rg2 b5 (29... Nxe3 $11 {remains equal.} 30. c5 Qc7) 30. cxb5 (30. c5 $1 $16 {[%cal Rc5d6]} Qe7 31. Nb6 Nxe3 32. Nxa8 Nxg2 33. Kxg2 (33. Bxg2 Qxc5+ 34. d4 Qa7 $16)) 30... cxb5 $14 31. Nc3 Nxe3 32. Nxb5 Qb4 $1 33. a4 {Hoping for Rf2.} Nxg2 34. Kxg2 Rac8 35. Rf1 Rd7 36. d4 Re7 37. Kh3 Rc6 38. Bd1 Re8 39. Qf2 Qe7 40. Qd2 Qd8 41. Kh2 Kg7 42. Bc2 e5 43. dxe5 Rxe5 44. Nd4 Rf6 45. Re1 Qe7 {[#]} (45... Rxe1 $11 {keeps the balance.} 46. Qxe1 Rd6) 46. Rxe5 $1 $16 Qxe5 47. Kg2 Kg8 {[#]} 48. Bd1 $1 Qc7 49. Bf3 Qc5 50. Nb5 ({White should try} 50. Qd3 $16) 50... d4 $1 $11 51. Qf2 Kh7 52. Nxd4 Qc3 53. Qg1 Rd6 54. Ne2 Qxb3 55. Qc5 $36 {[%mdl 2048] White has the initiative.} Rf6 56. Qc3 Qb6 57. Nf4 Rf5 58. Nd5 Qb1 $2 {[%mdl 8192]} (58... Qd6 $11 59. Qd2 (59. Qxa5 Qa3 $11) 59... Qe5) 59. Nf6+ $18 Kh6 $2 (59... Rxf6 60. Qxf6 Qb3) 60. Ne8 {[%cal Rc3h8]} f6 61. Qc7 $2 (61. Qd2+ g5 62. Qd7 Qc2+ 63. Kh1 Qb1+ 64. Kh2 Qa2+ 65. Bg2 Qg8 66. Qxf5 {[%mdl 64] Double Attack}) 61... Qa2+ 62. Kh3 $2 (62. Kg1 $18 {[%csl Ge8][%cal Rc7g7]} Qg8 63. Nd6 Rxf3 64. Nf7+ Kg7 65. Ng5+ Kh8 66. Nxf3) 62... Qg8 $11 {The position is equal.} 63. Nd6 Rxf3 {[%mdl 4096] Endgame KQR-KQN} 64. Nf7+ Kg7 65. Ne5+ Kh8 66. Nf7+ Kg7 67. Ng5+ Kh6 68. Nf7+ ({But not} 68. Nxf3 Qe6+ 69. Kh2 Qe2+ 70. Kg1 Qxf3 $17) 68... Kg7 69. Ne5+ Kh8 70. Nf7+ {Accuracy: White = 59%, Black = 43%.} 1/2-1/2